Same Start and End Letter - U.S. Geography (A-Z) - Statistics

General Stats
  • This quiz has been taken 129 times
    29 since last reset
  • The average score is 13 of 26
Answer Stats
Hint Answer % Correct
A Capital of Georgia famously burned by Union General William Tecumsah Sherman on his "March to the Sea." Atlanta
100%
O This central Florida city is one of the most visited cities in the United States. Orlando
89%
E Home to the University of Oregon. Eugene
81%
F Northern Arizona city sitting at an elevation of 6,909 feet Flagstaff
81%
T The name of many streams and rivers in the United States. All named for a species of freshwater fish found in them. Trout
78%
X Fortune 500 company with a corporate headquarters in Norwalk, Connecticut, whose name fits this category. Xerox
78%
U At 3,902 miles away, Wake Island in the Pacific Ocean is the closest point in the US to this famous natural landmark of Australia. Uluru
70%
H This suburb of Miami is the sixth-largest city in Florida, and has a 94% Hispanic population. Hialeah
67%
J Wisconsin County Highway located just north of Appleton in Outagami County. (2 letters) JJ
67%
L The fifth-largest city in Massachusetts, this former mill town north of Boston is now home to a large branch of the University of Massachusetts system. Lowell
67%
R This city name is shared by New York's fourth-largest city which was the birthplace of Eastman Kodak, Xerox, and Western Union, and Minnesota's third-largest city which houses the renowned Mayo Clinic. Rochester
67%
D Dormant Hawaiian volcano, designated a National Natural Landmark, which is a defining feature of the skyline at Waikīkī Beach: _______ Head. Diamond
52%
I An Illinois State Park located in LaSalle County and named for the Illinois Confederation of Native American tribes which once occupied a wide swath of the American Mid-West. The park's name is the same term used to refer to the sports teams at the University of Illinois - "The Fighting ______" Illini
52%
S This California city, whose name is Spanish for "saltworks," is the county seat of Monterey County and shares its name with a nearby river. Salinas
52%
Z Wisconsin County Highway to the southwest of Eau Claire in Eau Claire and Pepin Counties. (2 letters) ZZ
52%
N This city is home to the University of Oklahoma. Norman
48%
Q Wisconsin County Highway to the southwest of the city of Waupaca in Waupaca County. (2 letters) QQ
44%
B Counties in both Georgia and Alabama named after William Wyatt ____, U.S. Representative and Senator form Georgia, and first Governor of Alabama. No apparent connection to denim overalls. Bibb
37%
V If you are mailing a letter to someone who lives in the state-line-straddling Appalachian Mountain town of Bluefield, you will need to make sure you use one of these two official US Postal Service 2-letter state abbreviations . (2 two-letter abbreviations). VA WV
30%
G The "_____ to the Sun Road" is a scenic mountain road in Glacier National Park, crossing the Continental Divide in the Rocky Mountains at Logan Pass at an elevation of 6,646 ft. Going
22%
K Established in 1980, the _____ Valley National Park is located in northern Alaska above the Arctic Circle, and is home to sand dues which share the same name. Kobuk
22%
Y Two options for this one (either one will work): 1) City in Northern California which owes its name (according to some accounts) to a variant spelling of the Spanish word for grape (uva). (2 words)
2) North-flowing tributary of the Monongahela River forming in the mountains of northern West Virginia, then traveling through far-Western Maryland before joining the Monongahela just south of its confluence with the Allegheny River in downtown Pittsburgh, PA.
Yuba City | Youghiogheny
22%
C Mountain located within Acadia National Park in Maine that is known as the first location in the U.S. to see the sunrise each day (although this is actually only the case from October 7th to March 6th each year). Cadillac
19%
P Home of the Washington State Fair, this city named after the local Native American tribe is 10 miles southeast of Tacoma. Puyallup
19%
W The name of a river and lake in southeastern North Carolina which is named after a tribe of Native Americans native to the Carolinas. Waccamaw
19%
M This Native American name is shared by a tributary of the Ohio River, as well as the east-central Ohio county through which if flows. Muskingum
15%
No matching quizzes found
Score Distribution
Percent of People with Each Score
Percentile by Number Answered
Your Score History
You have not taken this quiz since the last reset